Pokémon - Attacken von Hypno in KA/PU - Statistiken

Allgemein
  • Dieses Quiz wurde 2 mal gespielt
  • Das Durchschnittsergebnis liegt bei 17 aus 79
Antwortstatistiken
Antwort % Korrekt
Hypnose
100%
Abschlag
50%
Ausdauer
50%
Aussetzer
50%
Bodycheck
50%
Bodyslam
50%
Delegator
50%
Donnerschlag
50%
Eishieb
50%
Erholung
50%
Fassade
50%
Feuerschlag
50%
Fluch
50%
Fokusstoß
50%
Gedankengut
50%
Giftwolke
50%
Klaps
50%
Konfusion
50%
Kopfnuss
50%
Lichtschild
50%
Psychokinese
50%
Psycho-Plus
50%
Psychoschock
50%
Psystrahl
50%
Ränkeschmied
50%
Raub
50%
Reflektor
50%
Regentanz
50%
Schlafrede
50%
Schutzschild
50%
Seher
50%
Sonnentag
50%
Zen-Kopfstoß
50%
Ableithieb
0%
Angeberei
0%
Begrenzer
0%
Bizarroraum
0%
Body Press
0%
Bürde
0%
Diebeskuss
0%
Donnerwelle
0%
Dunkelnebel
0%
Durchbruch
0%
Fähigkeitstausch
0%
Flächenmacht
0%
Fußkick
0%
Fußtritt
0%
Gigastoß
0%
Grimasse
0%
Hyperstrahl
0%
Konfusstrahl
0%
Kraftteiler
0%
Kraftvorrat
0%
Metronom
0%
Nachtnebel
0%
Notsituation
0%
Power-Punch
0%
Psychofeld
0%
Psychoklinge
0%
Psycholärm
0%
Rechte Hand
0%
Risikotackle
0%
Rollenspiel
0%
Schleuder
0%
Schmarotzer
0%
Schmeichler
0%
Schutztausch
0%
Spukball
0%
Stafette
0%
Sternschauer
0%
Strauchler
0%
Tera-Ausbruch
0%
Toxin
0%
Trickbetrug
0%
Verhöhner
0%
Wechseldich
0%
Wegbereiter
0%
Zauberschein
0%
Zugabe
0%
Keine übereinstimmenden Quizze gefunden
Verteilung der Resultate
Anzahl Personen mit jedem Resultat
Perzentil nach korrekt beantworteten Fragen
Ihre Resultats-Entwicklung
Sie haben dieses Quiz noch nicht gespielt